000 00702nam a2200241Ia 4500
003 OSt
005 20220925225011.0
006 a|||||r|||| 00| 0
007 ta
008 220923b |||||||| |||| 00| 0 eng d
037 _cGeneral Book
040 _aRTL
_cRTL
_beng
041 _2eng
_aeng
082 _aX:9914:(B), N2
100 _aHazari Bharat R.
245 0 _aModels of unemployment in trade and economic devel
260 _aLondon
_bRoutledge U. K.
_c1992
300 _axii, 151p.
_ccm.
650 _aUnemployment
_9231991
700 _a Sgro Squale M.
_9291789
942 _hX:9914:(B), N2
_cGB
_2CC
999 _c582711
_d582711